[Event "TCh-Serbia & Montenegro"]
[Site "Budva YUG"]
[Date "2003.05.18"]
[Round "?"]
[White "Kalezic,B"]
[Black "Pikula,D"]
[Result "1/2-1/2"]
[WhiteElo "2463"]
[BlackElo "2478"]

1.e4 d6 2.d4 Nf6 3.Nc3 e5 4.Nf3 Nbd7 5.Bc4 Be7 6.O-O O-O 7.Re1 c6 8.a4 a5
9.h3 h6 10.b3 Re8 11.Bb2 Bf8 12.Bf1 Nh7 13.Ne2 exd4 14.Qxd4 Ng5 15.Nxg5 hxg5
16.Ng3 Ne5 17.Be2 g6 18.Rad1 Qf6 19.Bc3 Be6 20.Qd2 b6 21.Bd4 c5 22.Be3 Be7  1/2-1/2

[Event "ch-RUS w"]
[Site "Elista RUS"]
[Date "2003.05.18"]
[Round "1"]
[White "Stepovaia Dianchenko,T"]
[Black "Kochetkova,J"]
[Result "1-0"]
[WhiteElo "2394"]
[BlackElo "2277"]

1.e4 d6 2.d4 Nf6 3.Nc3 e5 4.dxe5 dxe5 5.Qxd8+ Kxd8 6.Bc4 Be6 7.Bxe6 fxe6
8.Be3 Bd6 9.O-O-O Ke7 10.f3 a6 11.Nh3 Nbd7 12.Nf2 b5 13.Rd2 Rhb8 14.Rhd1 Nb6
15.Bxb6 Rxb6 16.Nd3 Nd7 17.g3 Nc5 18.Nxc5 Bxc5 19.Rd7+ Kf6 20.Rxc7 Bd4 21.Ne2 Rd8
22.Nxd4 exd4 23.f4 h5 24.e5+ Kf5 25.Rxg7 Ke4 26.Rc7 h4 27.Rd3 hxg3 28.hxg3 Rbb8
29.Rc6 Rh8 30.b4 Rbc8 31.Rxc8 Rxc8 32.Kd2 Rh8 33.Ra3 Rh2+ 34.Kc1 Rh1+ 35.Kb2 Rh2
36.Rxa6 d3 37.Rxe6 Rxc2+ 38.Kb3 Rc8 39.Rd6 Ke3 40.a4 bxa4+ 41.Kxa4 Ra8+ 42.Kb3 d2
43.e6 Rf8 44.e7 Re8 45.Rd7  1-0

[Event "28th Keres Mem"]
[Site "Vancouver CAN"]
[Date "2003.05.18"]
[Round "5"]
[White "Fullbrook,N"]
[Black "Franett,M"]
[Result "1/2-1/2"]
[WhiteElo "2236"]
[BlackElo "2122"]

1.e4 d6 2.d4 Nf6 3.Nc3 e5 4.dxe5 dxe5 5.Qxd8+ Kxd8 6.Bg5 Be6 7.O-O-O+ Nd7
8.f4 exf4 9.Bxf4 c6 10.Nf3 Bb4 11.Bd3 Ke7 12.Bd2 Rhe8 13.Nd4 Kf8 14.Rde1 Ne5
15.a3 Bd6 16.Nxe6+  1/2-1/2

[Event "ch-RUS w"]
[Site "Elista RUS"]
[Date "2003.05.19"]
[Round "2"]
[White "Semenova,Ir"]
[Black "Ubiennykh,E"]
[Result "0-1"]
[WhiteElo "2224"]
[BlackElo "2293"]

1.e4 d6 2.d4 Nf6 3.Nc3 e5 4.Nf3 Nbd7 5.Bc4 Be7 6.O-O O-O 7.a4 c6 8.a5 Rb8
9.Bg5 Qc7 10.Re1 b5 11.axb6 Nxb6 12.Be2 Bg4 13.h3 Bh5 14.Ra2 h6 15.Be3 Bxf3
16.Bxf3 Nc4 17.Bc1 a5 18.b3 exd4 19.Qxd4 Ne5 20.Be2 Rb4 21.Qe3 d5 22.exd5 cxd5
23.Qg3 Bd6 24.Nb5 Rxb5 25.Bxb5 Ne4 26.Rxe4 dxe4 27.Qe3 f5 28.Bd2 Bc5 29.Bxa5 Qe7
30.Qe2 e3 31.f4 Nf7 32.Bc4 Kh7 33.Bxf7 Rxf7 34.Bc3 Qh4 35.Ra5 Ba7 36.Ra4 Rd7
37.Be1 Rd1 38.Kf1 Qf2+  0-1

[Event "22nd Mitropa Cup"]
[Site "Pula CRO"]
[Date "2003.05.21"]
[Round "5"]
[White "Manik,M"]
[Black "Tratar,M"]
[Result "1/2-1/2"]
[WhiteElo "2465"]
[BlackElo "2464"]

1.e4 d6 2.d4 Nf6 3.Nc3 e5 4.Nge2 Nc6 5.f3 g6 6.Be3 Bg7 7.Qd2 O-O 8.O-O-O a6
9.g4 b5 10.d5 Ne7 11.Ng3 Ne8 12.h4 b4 13.Nce2 f5 14.gxf5 gxf5 15.Bg5 Nf6
16.Nxf5 Nxf5 17.exf5 Qe8 18.Qxb4 Bxf5 19.Ng3 Bg6 20.Bxf6 Rxf6 21.h5 Bh6+
22.Kb1 Bf7 23.Bd3 Rf4 24.Qc3 Qd7 25.Be4 Kh8 26.Qd3 Bg8 27.Nf5 Bg5 28.Rdg1 h6
29.Rg4 Rxg4 30.fxg4 Qa4 31.b3 Qb4 32.Ne3 a5 33.Nc4 a4 34.Rf1 Qc5 35.Qf3 Qa7
36.Qe2 Qd4 37.Rd1 Qc5 38.Bg6 axb3 39.cxb3 Bxd5 40.Nxe5 Bxb3 41.axb3 dxe5
42.Be4  1/2-1/2

[Event "TCh-RUS"]
[Site "Togliatti RUS"]
[Date "2003.05.21"]
[Round "6"]
[White "Hasangatin,R"]
[Black "Konstantinov,Vas"]
[Result "1-0"]
[WhiteElo "2517"]
[BlackElo "2254"]

1.d4 Nf6 2.Nc3 d6 3.e4 Nbd7 4.f4 Nb6 5.Nf3 Bg4 6.h3 Bxf3 7.Qxf3 e6 8.Bd3 Qd7
9.O-O O-O-O 10.a4 Kb8 11.a5 Nc8 12.a6 d5 13.axb7 Kxb7 14.e5 Ne8 15.Na4 g6
16.Ba6+ Ka8 17.Qb3 Qc6 18.Qd3 Ng7 19.Be3 Nf5 20.Bf2 h5 21.Ra2 Rg8 22.Rfa1 g5
23.Bxc8 Rxc8 24.Nc5  1-0

[Event "22nd Mitropa Cup"]
[Site "Pula CRO"]
[Date "2003.05.24"]
[Round "8"]
[White "Naumann,A"]
[Black "Tratar,M"]
[Result "1/2-1/2"]
[WhiteElo "2524"]
[BlackElo "2464"]

1.e4 d6 2.d4 Nf6 3.Nc3 e5 4.Nf3 Nbd7 5.Bc4 Be7 6.O-O O-O 7.Re1 c6 8.a4 a5
9.Ba2 exd4 10.Nxd4 Nc5 11.Bg5 Ng4 12.Bxe7 Qxe7 13.h3 Nf6 14.Qd2 Bd7 15.Rad1 Rad8
16.Nb3 Nxb3 17.Bxb3 Be6 18.Bxe6 fxe6 19.Na2 Qc7 20.Nc1 d5 21.exd5 exd5 22.Nd3 Qb6
23.Qe3 Qxe3 24.Rxe3 Rde8 25.Rde1 Rxe3 26.Rxe3 Re8 27.Rxe8+ Nxe8 28.f3 Kf7
29.Kf2 Ke7 30.Ke3 Kd6 31.h4 c5 32.c3 Nc7 33.Nf4 Ke5 34.Nd3+ Kd6 35.g4 Ne6
36.f4 c4 37.f5 cxd3 38.fxe6 Kxe6 39.Kxd3 Ke5 40.Ke3 g6 41.g5 Kf5 42.Kf3 Ke5
43.Ke3 Kf5  1/2-1/2

[Event "TCh-RUS"]
[Site "Togliatti RUS"]
[Date "2003.05.25"]
[Round "10"]
[White "Loskutov,O"]
[Black "Bachin,V"]
[Result "1-0"]
[WhiteElo "2439"]
[BlackElo "2443"]

1.e4 d6 2.d4 Nf6 3.Nc3 c6 4.f4 Qa5 5.Bd3 e5 6.Nf3 Bg4 7.Be3 exd4 8.Bxd4 Qb4
9.a3 Qxd4 10.Nxd4 Bxd1 11.Rxd1 g6 12.O-O Bg7 13.Bc4 Nbd7 14.Rfe1 Nb6 15.Ba2 Nfd7
16.Nf3 Ke7 17.Re2 Bxc3 18.bxc3 Nc5 19.g4 f6 20.Kg2 Rad8 21.h4 Rhe8 22.g5 Rf8
23.e5 dxe5 24.Nxe5 Rxd1 25.Nxg6+ Kd6 26.Nxf8 fxg5 27.fxg5 Nba4 28.Re8 Rd2+
29.Kh3 Rxc2 30.Bb1 Rxc3+ 31.Kg4 Rc4+ 32.Kh5 Nc3 33.Bxh7 Nd5 34.Bg8 Re4 35.Rd8+ Ke7
36.Bxd5 Kxd8 37.Bxe4 Nxe4 38.Kg4 Ke8 39.Ng6 Kf7 40.h5 c5 41.Ne5+ Kg7 42.a4 b6
43.Nc4 Kh7 44.Kf4 Nc3 45.Ke5 Ne2 46.Nd6 Ng3 47.g6+ Kh6 48.Nf5+ Nxf5 49.Kxf5 Kg7
50.Kg5 c4 51.h6+ Kg8 52.Kf6 c3 53.h7+  1-0

[Event "CRO-Cup"]
[Site "Rabac CRO"]
[Date "2003.05.27"]
[Round "2"]
[White "Filipovic,Br"]
[Black "Jurkovic,A"]
[Result "1-0"]
[WhiteElo "2413"]
[BlackElo "2351"]

1.e4 d6 2.d4 Nf6 3.Nc3 Nbd7 4.Nf3 e5 5.Bc4 Be7 6.a4 a5 7.Ng5 O-O 8.Bxf7+ Rxf7
9.Ne6 Qe8 10.Nxc7 Qd8 11.Nxa8 exd4 12.Qxd4 Ng4 13.Nd5 Bh4 14.O-O Bxf2+ 15.Rxf2 Rxf2
16.h3 Nde5 17.hxg4 Re2 18.Bf4 Qh4 19.Rf1 Bxg4 20.Bxe5 Rxg2+ 21.Kxg2 Bh3+
22.Kh2 Bxf1+ 23.Kg1 Be2 24.Qf2 Qg4+ 25.Qg3  1-0

[Event "Bosnia GM"]
[Site "Sarajevo BIH"]
[Date "2003.05.27"]
[Round "9"]
[White "Shirov,A"]
[Black "Damljanovic,B"]
[Result "1-0"]
[WhiteElo "2735"]
[BlackElo "2587"]

1.e4 d6 2.d4 Nf6 3.Nc3 e5 4.Nf3 Nbd7 5.Bc4 Be7 6.O-O O-O 7.Re1 c6 8.a4 b6
9.b3 a6 10.Bb2 Rb8 11.Qd2 b5 12.Bd3 Re8 13.Ne2 Bf8 14.Ng3 g6 15.axb5 axb5
16.c4 bxc4 17.Bxc4 d5 18.dxe5 dxc4 19.exf6 Rxb3 20.Bc3 Nc5 21.Nd4 Rb7 22.Rad1 Nd3
23.Nxc6 Qc7 24.Ne7+ Bxe7 25.fxe7 Qxe7 26.Rf1 f6 27.f3 Be6 28.Ne2 Bf7 29.Qe3 Rd8
30.Ra1 Rbd7 31.h3 g5 32.Nd4 Qe5 33.Ra5 Qf4 34.Nf5 Qxe3+ 35.Nxe3 Rd6 36.Ng4 Ne5
37.Nh6+ Kf8 38.Bb4 Ke8 39.Bxd6 Rxd6 40.Ra8+ Kd7 41.Ra7+ Ke8 42.Nxf7 Nxf7
43.Rb1  1-0

[Event "4th IECC"]
[Site "Istanbul TUR"]
[Date "2003.05.30"]
[Round "1"]
[White "Asrian,K"]
[Black "Dizdarevic,E"]
[Result "1/2-1/2"]
[WhiteElo "2596"]
[BlackElo "2491"]

1.e4 d6 2.d4 Nf6 3.Nc3 e5 4.Nf3 Nbd7 5.Bc4 Be7 6.O-O c6 7.a4 Qa5 8.Ba2 O-O
9.Bd2 exd4 10.Nxd4 Qe5 11.Nf3 Qh5 12.Bf4 Nc5 13.Re1 Ne8 14.Bc4 Bg4 15.h3 Bxf3
16.Qxf3 Qxf3 17.gxf3 a5 18.Be3 b6 19.f4 Nc7 20.Rad1 Rfd8 21.b3 Kf8 22.Re2 f5
23.Bxc5 bxc5 24.Bd3 Ne6 25.exf5 Nxf4 26.Re3 d5 27.Ne2 Nxe2+  1/2-1/2

[Event "4th IECC"]
[Site "Istanbul TUR"]
[Date "2003.05.31"]
[Round "2"]
[White "Bacrot,E"]
[Black "Sturua,Z"]
[Result "1/2-1/2"]
[WhiteElo "2654"]
[BlackElo "2545"]

1.e4 d6 2.d4 Nf6 3.Nc3 e5 4.dxe5 dxe5 5.Qxd8+ Kxd8 6.Bc4 Ke8 7.Nf3 Bd6 8.Bb3 Nc6
9.h3 Bb4 10.Bd5 Nxd5 11.exd5 Ne7 12.Bd2 f6 13.O-O-O c6 14.dxc6 Bxc3 15.Bxc3 Nxc6
16.Nd2 Kf7 17.Ne4 Rd8 18.Rxd8 Nxd8 19.Rd1 Be6 20.Nd6+ Kg8 21.Nb5 Bc4 22.Nd6 Be6
23.Nb5 Bc4 24.Nc7 Rc8 25.Rd7 Nc6 26.Nd5 Bxd5 27.Rxd5 Rc7 28.Bd2 Kf7 29.Be3 Ke6
30.Rd2 b6 31.b3 h5 32.c4 Ne7 33.Kd1 Nf5 34.Ke2 Rc8 35.Rd5 Nxe3 36.Kxe3 Rc5
37.Rd8 b5 38.Re8+ Kd6 39.cxb5 Rxb5 40.Rh8 Ra5 41.a4 Rc5 42.Kd2 Rd5+ 43.Ke2 Rc5
44.Rxh5 Rc2+ 45.Ke1 Rc1+ 46.Kd2 Rg1 47.g3 Rb1 48.Rh7 Rb2+ 49.Ke1 g5 50.Rxa7 Rxb3
51.Ra6+ Ke7 52.a5 Ra3 53.Ra8 Kf7 54.a6 f5 55.Kd2 e4 56.Kc2 f4 57.gxf4 gxf4
58.Kb2 Ra5 59.Kc3 Ra2 60.Kd4 Ra4+ 61.Kc3 Ra2 62.a7 Kg7 63.h4 e3 64.fxe3 fxe3  1/2-1/2

[Event "4th IECC"]
[Site "Istanbul TUR"]
[Date "2003.06.01"]
[Round "3"]
[White "Palac,M"]
[Black "Dizdarevic,E"]
[Result "1/2-1/2"]
[WhiteElo "2587"]
[BlackElo "2491"]

1.e4 d6 2.d4 Nf6 3.Nc3 e5 4.Nge2 Be7 5.g3 c6 6.Bg2 Qc7 7.O-O b5 8.a3 Nbd7
9.h3 a6 10.Be3 Bb7 11.g4 Nb6 12.Ng3 g6 13.Bh6 Nfd7 14.Nce2 exd4 15.Nxd4 c5  1/2-1/2

[Event "4th IECC"]
[Site "Istanbul TUR"]
[Date "2003.06.01"]
[Round "3"]
[White "Mamedov,Rau"]
[Black "Jobava,Ba"]
[Result "0-1"]
[WhiteElo "2330"]
[BlackElo "2566"]

1.e4 d6 2.d4 Nf6 3.Nc3 e5 4.Nf3 Nbd7 5.Bc4 Be7 6.O-O O-O 7.a4 a5 8.Ba2 h6
9.h3 c6 10.Be3 Re8 11.Re1 Qc7 12.Nh4 Nf8 13.Qf3 Be6 14.Nf5 Ng6 15.Qg3 Kh7
16.Qf3 Kh8 17.g3 exd4 18.Bxd4 Ne5 19.Bxe5 dxe5 20.Rad1 Rad8 21.Bxe6 fxe6
22.Nxe7 Qxe7 23.Qe3 Qb4 24.b3 Rd4 25.Rd3 Red8 26.Red1 Kh7 27.Kg2 R8d6 28.f4 Nd7
29.fxe5 Rxd3 30.cxd3 Nxe5 31.d4 Qxb3 32.Rd2 Nc4 33.Qd3 e5 34.Rf2 Rxd4 35.Qf3 Rd6  0-1

[Event "Golden Cleopatra"]
[Site "Cairo EGY"]
[Date "2003.06.02"]
[Round "2"]
[White "Sameeh,H"]
[Black "Shehata,Al"]
[Result "1-0"]
[WhiteElo "2311"]
[BlackElo "2118"]

1.e4 d6 2.d4 Nf6 3.Nc3 c6 4.f4 d5 5.e5 Ng8 6.Nf3 Bf5 7.h3 e6 8.g4 Bg6 9.Be3 Bb4
10.Kf2 Nd7 11.Kg3 Ne7 12.Nh4 f6 13.Nxg6 Nxg6 14.Bd3 Ndf8 15.f5 exf5 16.gxf5 Ne7
17.Bf4 fxe5 18.dxe5 Qa5 19.Ne2 Qb6 20.Rf1 Nd7 21.c3 Bc5 22.Qd2 a5 23.Kg2 O-O
24.Ng3 Rae8 25.Rae1 Kh8 26.Qe2 Ng8 27.b3 Re7 28.Qh5 Rfe8 29.f6 gxf6 30.Bxh7 Rxh7
31.Qxe8 fxe5 32.Bxe5+  1-0

[Event "IEWCC"]
[Site "Istanbul TUR"]
[Date "2003.06.02"]
[Round "1"]
[White "Kopinits,A"]
[Black "Voiska,M"]
[Result "0-1"]
[WhiteElo "2127"]
[BlackElo "2354"]

1.e4 d6 2.d4 Nf6 3.Nc3 e5 4.dxe5 dxe5 5.Qxd8+ Kxd8 6.Bg5 Nd7 7.Nd5 c6 8.Nxf6 gxf6
9.Bh4 Rg8 10.g3 Be7 11.O-O-O Ke8 12.Bh3 Nc5 13.Bxc8 Rxc8 14.f3 Rg6 15.g4 Rd8
16.Rxd8+ Bxd8 17.Ne2 Ne6 18.c3 Bb6 19.Kd2 Rh6 20.Bg3 Rh3 21.Nc1 h5 22.gxh5 Rxh5
23.Nd3 Ng5 24.Ke2 Nh3 25.f4 exf4 26.Nxf4 Nxf4+ 27.Bxf4 f5 28.e5 Ke7 29.Kf3 Ke6
30.Re1 Bc7 31.Re2 Rh8 32.c4 Rd8 33.b3 a5 34.Kg2 a4 35.h4 axb3 36.axb3 Rh8
37.Kg3 Bd8 38.Rh2 Rh5 39.Kf3 Rxh4 40.Rd2 Bc7 41.Bg3 Re4 42.Rh2 Bxe5 43.Bxe5 Kxe5
44.Rh7 f4 45.Rxf7 Re3+ 46.Kg4 Rg3+ 47.Kh4 Rxb3 48.c5 Ke4 49.Kg4 Rg3+ 50.Kh4 Rc3
51.Rxb7 Kf3 52.Rb1 Rxc5 53.Rf1+ Ke3 54.Kg4 Rc4 55.Rf3+ Ke2 56.Ra3 c5 57.Ra2+ Ke3
58.Ra3+ Ke4 59.Rf3 Ke5 60.Rd3 Rd4 61.Rc3 c4 62.Ra3 Rd3 63.Ra8 Rg3+ 64.Kh4 c3
65.Re8+ Kd4 66.Rf8 Rf3 67.Kg4 Rf1 68.Rd8+ Ke3 69.Re8+ Kd2 70.Rd8+ Kc1 71.Kh3 c2
72.Kg2 Rd1 73.Rb8 Rd3  0-1

[Event "4th IECC"]
[Site "Istanbul TUR"]
[Date "2003.06.02"]
[Round "4"]
[White "Kupreichik,V"]
[Black "Morrison,Ch"]
[Result "1-0"]
[WhiteElo "2529"]
[BlackElo "2170"]

1.e4 d6 2.Nc3 Nf6 3.d4 c6 4.f4 Qa5 5.Bd3 e5 6.Nf3 Bg4 7.Be3 Nbd7 8.Qd2 Be7
9.O-O-O O-O 10.Kb1 Rfe8 11.h3 Bh5 12.g4 exf4 13.Bxf4 Bg6 14.e5 Nd5 15.Bxg6 hxg6
16.exd6 Bf8 17.Rhf1 N7b6 18.Nxd5 Qxd5 19.Ne5 f6 20.Nxg6 Bxd6 21.b3 Ba3 22.g5 Qe4
23.gxf6 Qxg6 24.Be5 Nd5 25.Rg1 Qh5 26.Rde1 Bb4 27.Rxg7+ Kf8 28.Qxb4+ Nxb4
29.Bd6+ Re7 30.Bxe7+ Ke8 31.Bxb4+  1-0

[Event "IEWCC"]
[Site "Istanbul TUR"]
[Date "2003.06.03"]
[Round "2"]
[White "Stiri,A"]
[Black "Velikhanli,F"]
[Result "1/2-1/2"]
[WhiteElo "2178"]
[BlackElo "2305"]

1.e4 d6 2.d4 Nf6 3.Nc3 c6 4.h3 b5 5.Bd3 b4 6.Nce2 e5 7.dxe5 dxe5 8.Nf3 Nbd7
9.b3 Bd6 10.Ng3 Nc5 11.Bb2 Qe7 12.O-O O-O 13.Re1 Bc7 14.Bc4 Rd8 15.Qc1 h6
16.a3 bxa3 17.Rxa3 Be6 18.Bxe6 Qxe6 19.Qa1 Bb6 20.Nxe5 Ncxe4 21.Nxe4 Nxe4
22.Rxe4 Rd2 23.Nc4 Qxe4 24.Nxd2 Qe2 25.Bc3 Qxf2+ 26.Kh1 Re8 27.Nf3 Re3 28.Bd4 Bxd4
29.Qxd4 Rxf3 30.Qd8+ Kh7 31.gxf3 Qf1+ 32.Kh2 Qf2+ 33.Kh1  1/2-1/2

[Event "IEWCC"]
[Site "Istanbul TUR"]
[Date "2003.06.03"]
[Round "2"]
[White "Peptan,C"]
[Black "Ionescu Brandis,I"]
[Result "1-0"]
[WhiteElo "2471"]
[BlackElo "2366"]

1.e4 d6 2.d4 Nf6 3.Nc3 e5 4.Nf3 Nbd7 5.Bc4 Be7 6.O-O O-O 7.a4 c6 8.Re1 b6
9.Bg5 a6 10.Qe2 Bb7 11.dxe5 Nxe5 12.Rad1 Nxc4 13.Qxc4 b5 14.Qb3 Ng4 15.Bxe7 Qxe7
16.axb5 axb5 17.Qb4 Ne5 18.Nxe5 Qxe5 19.Qxd6 Qxd6 20.Rxd6 b4 21.Nd1 Rad8
22.Rxd8 Rxd8 23.Ne3 g6 24.Rd1 Re8 25.Rd7 Ba6 26.Ng4 Kg7 27.f3 Bc8 28.Rd4 c5
29.Rc4 Bxg4 30.fxg4 Re5 31.Kf2 Kf6 32.Kf3 Ke6 33.c3 bxc3 34.bxc3 h5 35.Ra4 hxg4+
36.Kxg4 Rh5 37.h3 Rh8 38.Kf4 Rh4+ 39.Kf3 g5 40.Ra8 Rf4+ 41.Ke3 Rf1 42.Rc8 f5
43.Rc6+ Kd7 44.Rxc5 Re1+ 45.Kf2 Rxe4 46.Rxf5 Rc4 47.Rxg5 Rxc3 48.Re5  1-0

[Event "IEWCC"]
[Site "Istanbul TUR"]
[Date "2003.06.05"]
[Round "4"]
[White "Flear,C"]
[Black "Velikhanli,F"]
[Result "0-1"]
[WhiteElo "2213"]
[BlackElo "2305"]

1.d4 d6 2.e4 Nf6 3.Nc3 c6 4.f4 Qa5 5.Bd3 e5 6.Nf3 Bg4 7.dxe5 dxe5 8.fxe5 Nfd7
9.e6 fxe6 10.Bd2 Qh5 11.Qe2 Ne5 12.Rf1 Bxf3 13.gxf3 Qh4+ 14.Kd1 Nbd7 15.Qg2 Be7
16.f4 Nxd3 17.cxd3 O-O-O 18.Kc2 Nc5 19.Rf3 Rd7 20.b4 Na6 21.a3 Rhd8 22.Rb1 Nc7
23.a4 Na6 24.Ne2 c5 25.bxc5 Nxc5 26.Rh3 Rxd3 27.Rxd3 Rxd3 28.Qxg7 Rd7 29.Qh8+ Rd8
30.Qg7 Nxe4 31.Ba5 Qf2 32.Qg4 Qc5+ 33.Nc3 Rd2+ 34.Kb3 Qa3+  0-1

[Event "4th IECC"]
[Site "Istanbul TUR"]
[Date "2003.06.06"]
[Round "7"]
[White "Mamedov,Rau"]
[Black "Nedev,T"]
[Result "1/2-1/2"]
[WhiteElo "2330"]
[BlackElo "2518"]

1.e4 d6 2.d4 Nf6 3.Nc3 e5 4.Nf3 Nbd7 5.Bc4 Be7 6.O-O O-O 7.a4 a5 8.Ba2 c6
9.Bg5 exd4 10.Nxd4 Nc5 11.Re1 h6 12.Bf4 Be6 13.Qf3 Nfd7 14.Rad1 Nb6 15.Nxe6 fxe6
16.Qg4 Kh8 17.Be3 d5 18.Bd4 Rf7 19.Ne2 Qf8 20.c3 Nbxa4 21.exd5 exd5 22.Bb1 Ne4
23.Ng3 Nac5 24.f3 Nf6 25.Qg6 Ncd7 26.Bf5 Bd6 27.Nh5 Bc5 28.Nf4 Re8 29.Be6 Rfe7
30.Qf5 Rxe6 31.Rxe6 Qf7 32.Rde1 Rxe6 33.Rxe6 Kg8 34.Bxc5 Nxc5 35.Re2 Qc7
36.Nh5 Ncd7 37.Nxg7 Qb6+ 38.Kh1 Qb3 39.Re1 Kxg7 40.h4 Qc4 41.Re7+ Kf8 42.Rxd7 Qxh4+
43.Kg1 Qe1+ 44.Kh2 Qh4+ 45.Kg1 Qe1+ 46.Kh2 Qh4+  1/2-1/2

[Event "4th IECC"]
[Site "Istanbul TUR"]
[Date "2003.06.06"]
[Round "7"]
[White "Mamedov,Rau"]
[Black "Nedev,T"]
[Result "1/2-1/2"]
[WhiteElo "2330"]
[BlackElo "2518"]

1.e4 d6 2.d4 Nf6 3.Nc3 e5 4.Nf3 Nbd7 5.Bc4 Be7 6.O-O O-O 7.a4 a5 8.Ba2 c6
9.Bg5 exd4 10.Nxd4 Nc5 11.Re1 h6 12.Bf4 Be6 13.Qf3 Nfd7 14.Rad1 Nb6 15.Nxe6 fxe6
16.Qg4 Kh8 17.Be3 d5 18.Bd4 Rf7 19.Ne2 Qf8 20.c3 Nbxa4 21.exd5 exd5 22.Bb1 Ne4
23.Ng3 Nac5 24.f3 Nf6 25.Qg6 Ncd7 26.Bf5 Bd6 27.Nh5 Bc5 28.Nf4 Re8 29.Be6 Rfe7
30.Qf5 Rxe6 31.Rxe6 Qf7 32.Rde1 Rxe6 33.Rxe6  1/2-1/2

[Event "3rd Zurich Lake Plaza Open"]
[Site "Pfaeffikon SUI"]
[Date "2003.06.06"]
[Round "2"]
[White "Dekan,H"]
[Black "Georgiev,Vl"]
[Result "0-1"]
[WhiteElo "2203"]
[BlackElo "2552"]

1.e4 d6 2.d4 Nf6 3.Nc3 e5 4.dxe5 dxe5 5.Qxd8+ Kxd8 6.Bc4 Ke8 7.Nge2 c6 8.f3 Nbd7
9.Be3 Bc5 10.Kf2 a5 11.a3 Ke7 12.Rhd1 Bxe3+ 13.Kxe3 Ne8 14.Ng3 g6 15.f4 exf4+
16.Kxf4 f6 17.Be2 Ne5 18.Na4 h5 19.Nb6 Rb8 20.h4 Be6 21.Rd4 Nc7 22.Rad1 Rbg8
23.Ke3 Na8 24.Na4 b6 25.Rd6 Rb8 26.b3 Nc7 27.R6d2 Rhc8 28.Nb2 Nb5 29.Ra1 Nd6
30.Rad1 Ndf7 31.Ba6 Rc7 32.Be2 b5 33.Nd3 c5 34.Nf4 c4 35.b4 Ra7 36.Nd5+ Bxd5
37.Rxd5 axb4 38.axb4 Ra2 39.Kd2 Nd6 40.Rc1 Rba8 41.Ke1 Rb2 42.Nf1 Ra3 43.c3 Raa2
44.Rd2 Nxe4 45.Rxb2 Rxb2 46.Ne3 Nd3+ 47.Bxd3 cxd3 48.Rd1 Re2+  0-1

[Event "17th Open"]
[Site "Pula CRO"]
[Date "2003.06.06"]
[Round "8"]
[White "Rogic,D"]
[Black "Jovanovic,Zo2"]
[Result "1-0"]
[WhiteElo "2470"]
[BlackElo "2407"]

1.e4 d6 2.d4 Nf6 3.Nc3 Nbd7 4.g4 h6 5.Be3 e5 6.h3 c6 7.Qd2 b5 8.Bg2 Bb7 9.Nge2 b4
10.Nd1 d5 11.exd5 Nxd5 12.dxe5 Nxe5 13.Bd4 Ng6 14.Ne3 Ngf4 15.Nxf4 Nxf4 16.O-O-O Qxd4
17.Qxd4 Ne2+ 18.Kb1 Nxd4 19.Rxd4 Bc5 20.Rc4 Bxe3 21.fxe3 Kd7 22.Rxb4 Kc7
23.Rd1 Rad8 24.Kc1 Rhe8 25.Rxd8 Rxd8 26.Ra4 a6 27.Rd4 Re8 28.Re4 Rxe4 29.Bxe4 a5
30.Kd2 Ba6 31.Bd3 Bc8 32.Kc3 Kb6 33.Kd4 f6 34.a3 Be6 35.Bf5 c5+ 36.Ke4 Bf7
37.Bd7 Kc7 38.Ba4 Be6 39.Bb3 Bc8 40.Kd5 g5 41.c3 f5 42.Bd1 Bb7+ 43.Ke5 fxg4
44.hxg4 Bc6 45.b4 cxb4 46.cxb4 axb4 47.axb4 Bb5 48.Bf3 Bd7 49.Be2 Bc6 50.Kf5 Kd6
51.e4 Ke7 52.b5 Bd7+ 53.Ke5 h5 54.gxh5 g4 55.Kf4  1-0

[Event "IEWCC"]
[Site "Istanbul TUR"]
[Date "2003.06.07"]
[Round "5"]
[White "Kosintseva,N"]
[Black "Voiska,M"]
[Result "1-0"]
[WhiteElo "2417"]
[BlackElo "2354"]

1.e4 d6 2.d4 Nf6 3.Nc3 e5 4.Nf3 Nbd7 5.Bc4 Be7 6.O-O O-O 7.Re1 c6 8.a4 a5
9.b3 exd4 10.Nxd4 Nb6 11.Bf1 d5 12.e5 Ng4 13.h3 Bb4 14.Qd3 c5 15.hxg4 cxd4
16.Qxd4 Be6 17.Ba3 Bxa3 18.Rxa3 Rc8 19.Re3 Nd7 20.Ra1 Nb8 21.Rd1 Nc6 22.Qf4 Nb4
23.Rh3 Qe7 24.Bd3 h6 25.Nb5 Nxd3 26.cxd3 Qg5 27.Qxg5 hxg5 28.f3 Rc2 29.Nd4 Rb2
30.Rh5 Re8 31.Rxg5 g6 32.Kh2 Kg7 33.f4 Bd7 34.Kg3 f6 35.exf6+ Kxf6 36.Kf3 Bc6
37.Rc1 Rd2 38.Rc3 Re1 39.Nxc6 bxc6 40.Rxc6+ Kf7 41.Rxd5 Rf1+ 42.Ke3 Rxg2
43.Rd7+ Ke8 44.Ra7  1-0

[Event "4th IECC"]
[Site "Istanbul TUR"]
[Date "2003.06.07"]
[Round "8"]
[White "Fontaine,R"]
[Black "Damljanovic,B"]
[Result "1-0"]
[WhiteElo "2527"]
[BlackElo "2587"]

1.e4 d6 2.d4 Nf6 3.Nc3 e5 4.dxe5 dxe5 5.Qxd8+ Kxd8 6.Bc4 Be6 7.Bxe6 fxe6
8.f3 Bd6 9.Nh3 Nbd7 10.Nf2 Ke7 11.Be3 a6 12.a4 b6 13.Ke2 c5 14.Nb1 c4 15.b3 cxb3
16.cxb3 Bc5 17.Nd2 Bd4 18.Rac1 Rac8 19.Nd3 b5 20.axb5 axb5 21.Rxc8 Rxc8 22.Bxd4 exd4
23.Ra1 e5 24.Ra5 Rb8 25.Ra7 Kd6 26.Ra6+ Ke7 27.f4 exf4 28.Nxf4 Nc5 29.Rc6 Nfd7
30.b4 Na4 31.Nf3 Nc3+ 32.Kd3 Rf8 33.Nd5+ Nxd5 34.exd5 Rf5 35.Re6+ Kd8 36.Ke4 Rh5
37.Kxd4 h6 38.h4 Rf5 39.Ke4 Rf8 40.Nd4 Rf2 41.Rg6 Rb2 42.Rxg7 Rxb4 43.d6 Kc8
44.Rf7 Rc4 45.g4 b4 46.Rf2  1-0

[Event "4th IECC"]
[Site "Istanbul TUR"]
[Date "2003.06.07"]
[Round "8"]
[White "Fontaine,R"]
[Black "Damljanovic,B"]
[Result "1-0"]
[WhiteElo "2527"]
[BlackElo "2587"]

1.e4 d6 2.d4 Nf6 3.Nc3 e5 4.dxe5 dxe5 5.Qxd8+ Kxd8 6.Bc4 Be6 7.Bxe6 fxe6
8.f3 Bd6 9.Nh3 Nbd7 10.Nf2 Ke7 11.Be3 a6 12.a4 b6 13.Ke2 c5 14.Nb1 c4 15.b3 cxb3
16.cxb3 Bc5 17.Nd2 Bd4 18.Rac1 Rac8 19.Nd3 b5 20.axb5 axb5 21.Rxc8 Rxc8 22.Bxd4 exd4
23.Ra1 e5 24.Ra5 Rb8 25.Ra7 Kd6 26.Ra6+ Ke7 27.f4 exf4 28.Nxf4 Nc5 29.Rc6 Nfd7
30.b4 Na4 31.Nf3 Nc3+ 32.Kd3 Rf8 33.Nd5+ Nxd5 34.exd5 Rf5 35.Re6+ Kd8 36.Ke4 Rh5
37.Kxd4 h6 38.h4 Rf5 39.Ke4 Rf8 40.Nd4 Rf2 41.Rg6 Rb2 42.Rxg7 Rxb4 43.d6 Kc8
44.Rf7 Rc4 45.g4 b4 46.Rf2 Kb7 47.g5 hxg5 48.hxg5 Rc5 49.Rf7 Kc8 50.g6 Rg5
51.g7 Rg1 52.Ke3 Re1+ 53.Ne2  1-0

[Event "4th IECC"]
[Site "Istanbul TUR"]
[Date "2003.06.07"]
[Round "8"]
[White "Nedev,T"]
[Black "Tratar,M"]
[Result "1/2-1/2"]
[WhiteElo "2518"]
[BlackElo "2464"]

1.e4 d6 2.d4 Nf6 3.Nc3 e5 4.Nf3 Nbd7 5.Bc4 Be7 6.O-O O-O 7.Re1 c6 8.a4 a5
9.h3 exd4 10.Qxd4 Nc5 11.Bf4 Be6 12.Rad1 Qb6 13.Bxe6 fxe6 14.Bxd6 Bxd6 15.Qxd6 Rad8
16.Qe5 Nfd7 17.Qd4 Qxb2 18.Qe3 Qa3 19.Rb1 Rb8 20.Red1 e5 21.Nh4 Nf6 22.Nf3 Ncd7
23.Nd2 Qc5 24.Qxc5 Nxc5 25.f3 Nfd7 26.Nc4 b6 27.Rd2 g6 28.Rdd1 Kf7 29.Rb2 Ke7
30.Rdb1 Rfc8 31.Nxb6 Nxb6 32.Rxb6 Rxb6 33.Rxb6 Kd7 34.Kf2 Kc7 35.Rb1 Rd8
36.Ke3 Rd4 37.Ra1 Rc4 38.Ra3 g5 39.g3 Ne6 40.Kd2 Rd4+ 41.Kc1 Nc5 42.Ra1 Rc4
43.Kd2 Rd4+ 44.Ke2 Rc4 45.Ra3 Kd6 46.Kd2 Rd4+ 47.Ke3 Rc4 48.Kd2 Rd4+  1/2-1/2

[Event "17th Open"]
[Site "Pula CRO"]
[Date "2003.06.07"]
[Round "9"]
[White "Fercec,N"]
[Black "Jurkovic,A"]
[Result "1/2-1/2"]
[WhiteElo "2442"]
[BlackElo "2351"]

1.e4 d6 2.d4 Nf6 3.Nc3 Nbd7 4.f4 e5 5.Nf3 exd4 6.Qxd4 c6 7.Be3 d5 8.e5 Ng4
9.Bg1 Bc5 10.Qd2 Bxg1 11.Rxg1 Qb6 12.O-O-O Nc5 13.Nd4 Ne6 14.Nxe6 Bxe6 15.Bd3 O-O-O
16.f5 Bd7 17.Rge1 Rhe8 18.Qf4 h5 19.e6 fxe6 20.fxe6 Rxe6 21.Rxe6 Bxe6 22.Re1 Bd7
23.Bg6 Nf6 24.b3 Qc7 25.Qf2 Kb8 26.Re7 Qd6 27.Qg3 Qxg3 28.hxg3 Rg8 29.Bf7 Rh8
30.Bg6 Rg8 31.Bf7 Rf8 32.Bg6 Rg8 33.Bf7 Rh8 34.Bg6  1/2-1/2

[Event "IEWCC"]
[Site "Istanbul TUR"]
[Date "2003.06.08"]
[Round "6"]
[White "Radziewicz,I"]
[Black "Velikhanli,F"]
[Result "1-0"]
[WhiteElo "2428"]
[BlackElo "2305"]

1.d4 d6 2.e4 Nf6 3.Nc3 c6 4.f4 g6 5.Nf3 Bg7 6.Be2 O-O 7.O-O b5 8.e5 dxe5
9.fxe5 Nd5 10.Nxd5 Qxd5 11.Ng5 f6 12.Bf3 Qd8 13.Ne4 fxe5 14.d5 Qb6+ 15.Kh1 Kh8
16.Ng5 h6 17.Ne6 Bxe6 18.dxe6 Qd4 19.c3 Qd6 20.a4 Qxe6 21.axb5 e4 22.Re1 Qd5
23.Bxe4 Qxb5 24.Bxg6 Nd7 25.Bxh6 Bxh6 26.Qxd7 Qg5 27.Qxc6 Rad8 28.Bc2 Rd2
29.Qe4 Qg7 30.Rxa7 Rg8 31.Ra8 Bf4 32.Rxg8+ Qxg8 33.Re2 Rxe2 34.Qxe2 Qf7 35.g3 Bc1
36.Qe5+ Kg8 37.Kg2 e6 38.b4 Qd7 39.Qd4 Qc7 40.Qg4+ Kf8 41.Qf3+ Ke7 42.Bg6 Bd2
43.Qf7+ Kd6 44.Qxc7+ Kxc7 45.b5 Bxc3 46.Kf3 Bd4 47.h4 Kd6 48.Bd3 Bf6 49.Kg4 Bd4
50.Kh5 Bf2 51.g4 Ke5 52.Kg5 Kd4 53.Bf1 e5 54.b6 Bg3 55.h5 Ke3 56.Kf5  1-0

[Event "4th IECC"]
[Site "Istanbul TUR"]
[Date "2003.06.08"]
[Round "9"]
[White "Godena,M"]
[Black "Baklan,V"]
[Result "1/2-1/2"]
[WhiteElo "2527"]
[BlackElo "2607"]

1.e4 d6 2.d4 Nf6 3.Nc3 c6 4.Nf3 g6 5.Be2 Bg7 6.O-O O-O 7.Re1 Qc7 8.Bf4 Nbd7
9.e5 Ne8 10.exd6 Nxd6 11.Ne4 e5 12.Nxd6 exf4 13.Nxc8 Raxc8 14.c3 c5 15.dxc5 Nxc5
16.Qc2 a6 17.a4 Rfd8 18.Bc4 Bf6 19.h3 Kg7 20.Re2 Re8 21.Rxe8 Rxe8 22.Re1 Rd8
23.Rd1 Re8 24.Re1 Rd8 25.Rd1 Rd7 26.Rxd7 Qxd7 27.a5 Qa4 28.Qe2 Qd7 29.Kh2 h5
30.Ba2 g5 31.Qc4 Nd3 32.Qd5 Qxd5 33.Bxd5 Nxb2 34.Bxb7 Nc4 35.Bxa6 Nxa5 36.c4 g4
37.hxg4 hxg4 38.Nd2 Be5 39.Bc8 g3+ 40.fxg3 fxg3+ 41.Kh3 Bf4 42.Ne4 Nxc4  1/2-1/2